Psych (TV Show) Trivia - Statistics

General Stats
  • This quiz has been taken 227 times
  • The average score is 13 of 25
Answer Stats
Hint Answer % Correct
What city does the show take place? Santa Barbara
96%
Who is the head detective of the SBPD? Carlton Lassiter
90%
Who is the head detective's partner? Juliet O'Hara
88%
Who is the actor that plays Gus? Dule Hill
86%
What fruit appears in every episode? Pineapple
80%
Who is/are the famous serial killer(s) that seeks out Shawn? Yin and Yang
79%
Who is the actor that plays Shawn Spencer? James Roday
78%
What is Gus's other job? Pharmaceutical Sales
67%
Who is the Chief of Police? Karen Vick
66%
What form of transportation does Shawn have? A motorcycle
65%
What character from the Cosby Show do people often say Gus looks like? Bud
63%
Gus often describes himself as a sympathetic what? Cryer
62%
Who is Shawn's ex-girlfriend that he went to high school with? Abigail
58%
Where is Juliet from? Miami
58%
Who is the airhead police officer? Buzz
54%
What is Gus's sister's name? Joy
39%
Who takes over as interim Chief of Police later in the show? Trout
38%
Who is Marlo? Lassiter's wife
37%
What is the name of the patient that famously jumped from the window of a mental hospital? Scary Sherry
35%
Who is the assistant that Shawn and Gus fired twice? Ken
30%
What is Juliet's brother's job? Spy
26%
What are Shawn's parents' names? Henry and Maddie
21%
What addiction does Gus's mom have? Gambling addiction
3%
Who are the only people who know Shawn isn't psychic for most of the show? His parents & Gus
2%
What does Shawn often quote? References to 80s movies
0%
No matching quizzes found
Score Distribution
Percent of People with Each Score
Percentile by Number Answered
Your Score History
You have not taken this quiz